Estatísticas para Países Onde Beisebol é o Esporte Mais Popular

Clique aqui para jogar o quiz

Estatísticas Gerais

  • Esse quiz foi jogado 1 175 vezes
  • A pontuação média é 5 de 8

Estatísticas das Respostas

ContinentePaís% Correto
ÁsiaJapão
87%
AméricasCuba
74%
ÁsiaCoreia do Sul
67%
AméricasVenezuela
58%
AméricasPanamá
57%
AméricasRepública Dominicana
51%
AméricasNicarágua
50%
ÁsiaTaiwan
32%

Distribuição das Pontuações

Percentil de Números Respondidos

Porcentagem de Pessoas com Cada Pontuação

Sua Pontuação Histórica

Você não jogou esse quiz